Foreign trade policy (Record no. 486671)

000 -LEADER
fixed length control field 00489cam a22001217a 4500
008 - FIXED-LENGTH DATA ELEMENTS--GENERAL INFORMATION
fixed length control field 180718b-- xxu||||| |||| 00| 0 eng d
082 ## - DEWEY DECIMAL CLASSIFICATION NUMBER
Classification number T39000x54 P
245 ## - TITLE STATEMENT
Title Foreign trade policy
Statement of responsibility, etc. by Ministry of Commerce and Industry. Department of Commerce
260 ## - PUBLICATION, DISTRIBUTION, ETC.
Place of publication, distribution, etc. Delhi
Name of publisher, distributor, etc. Controller of Publications
Date of publication, distribution, etc. --
500 ## - GENERAL NOTE
General note Library has ist September 2004 - 31st March 2009, w.e.f. 2006
650 ## - SUBJECT ADDED ENTRY--TOPICAL TERM
Topical term or geographic name entry element India - Commercial policy
700 ## - ADDED ENTRY--PERSONAL NAME
Personal name India. Ministry of Commerce and Industry. Department of Commerce
Holdings
Withdrawn status Lost status Damaged status Not for loan Permanent Location Current Location Date acquired Full call number Barcode Date last seen Price effective from Koha item type
        Indian Institute of Public Administration Indian Institute of Public Administration 2018-08-04 T39000x54 P G20796 2018-08-04 2018-08-04 G
        Indian Institute of Public Administration Indian Institute of Public Administration 2018-08-04 T39000x54 P G20637 2018-08-04 2018-08-04 G
        Indian Institute of Public Administration Indian Institute of Public Administration 2018-08-04 T39000x54 P G20584 2018-08-04 2018-08-04 G

Powered by Koha